| 000 | 00450nam a2200145Ia 4500 | ||
|---|---|---|---|
| 003 | OSt | ||
| 005 | 20260226112419.0 | ||
| 008 | 211028s2019 xx 000 0 und d | ||
| 040 | _cAIMIT LIBRARY | ||
| 041 | _aeng | ||
| 100 |
_aPooja B N; Harinakshi. _g1716134 _98111 |
||
| 245 | _aStudy on effectiveness of training and development with reference to united breweries Limited Mangalore / | ||
| 260 |
_aMangalore _bHarinakshi _c2019 |
||
| 942 |
_2ddc _cPRO |
||
| 999 |
_c219679 _d219679 |
||